Statistiques concernant Devinez le Pays Mystère #102

Cliquez ici pour prendre le quiz!

Statistiques générales

  • Ce quiz a été pris 172 fois
  • Le résultat moyen est 16 sur 21

Statistiques - réponses

Type de RéponseRéponse% Correct
Lettre TrouvéeS
96%
Lettre TrouvéeA
91%
Lettre TrouvéeA
91%
Lettre Bien PlacéeA
91%
Lettre Bien PlacéeA
88%
Lettre Bien PlacéeA
86%
Lettre Bien PlacéeS
86%
Lettre TrouvéeC
75%
Lettre TrouvéeG
75%
Lettre TrouvéeM
72%
Lettre TrouvéeR
72%
Lettre Bien PlacéeM
70%
Lettre Bien PlacéeA
68%
Lettre TrouvéeD
68%
Lettre TrouvéeA
64%
Lettre TrouvéeA
64%
Lettre Bien PlacéeC
64%
Lettre Bien PlacéeD
64%
Lettre Bien PlacéeG
64%
Pays MystèreMadagascar
64%
Lettre Bien PlacéeR
64%

Distribution des résultats

Percentile par nombre de réponses

% des personnes avec chaque résultat

Votre développement - résultats

Vous n’avez pas pris ce quiz